000 00384nam a22001457a 4500
008 160511b xxu||||| |||| 00| 0 eng d
020 _a1416027653
020 _aISSN: 0889857X
041 _aeng
080 _a616.073
100 _a7
101 _aSHM
245 _aRheumatic disease clinics of North America / Systemic lupus erythematosus:
_cJennifer M. Grossman;
942 _2udc
_cBK
999 _c2047
_d2047